Foreign trade of Japan 1960

Gorde:
Xehetasun bibliografikoak
Formatua: Liburua
Hizkuntza:Undetermined
Argitaratua: Japan Japan Export Trade Promotion Agency 1960
Gaiak:
Etiketak: Etiketa erantsi
Etiketarik gabe, Izan zaitez lehena erregistro honi etiketa jartzen!
Thư viện lưu trữ: Trung tâm Học liệu Trường Đại học Cần Thơ
LEADER 00459nam a2200169Ia 4500
001 CTU_105497
008 210402s9999 xx 000 0 und d
082 |a 382.0952 
082 |b F715/1960 
245 0 |a Foreign trade of Japan 1960 
260 |a Japan 
260 |b Japan Export Trade Promotion Agency 
260 |c 1960 
650 |a Balance of payments 
650 |z Japan 
904 |i Tuyến 
980 |a Trung tâm Học liệu Trường Đại học Cần Thơ